000 00830pam a2200289 a 4500
008
020 _a013121781X (pbk.)
049 _aMAIN
090 _aQH581.2
_bSWA
100 1 _aSwanson, Carl P.
245 1 4 _aThe cell /
_cCarl P. Swanson, Peter L. Webster.
250 _a5th ed.
260 _aEnglewood Cliffs, N.J. :
_bPrentice-Hall,
_cc1985.
300 _ax, 374 p. :
_bill. ;
_c25 cm.
504 _aIncluddes bibliographical references.
500 _aIncludes index.
650 0 _aCytology.
650 _aCells.
653 _aOrganisms
_aCells.
650 _aCitologia E Biologia Celular
_2larpcal.
700 1 _aWebster, Peter L.
907 _a.b10014524
_b09-10-12
_c17-04-03
003
005 20230123133448.0
040 _cNUST
942 _cBOOKS
_kQH581.2
_mSWA
999 _c148992
_d148992